The effect of the neuropeptide proctolin on the hindgut of the crayfish, Procambarus clarkii /

Bibliographic Details
Main Author: Sylvia, Victor Louis
Format: Thesis eBook
Language:English
Published: [Place of publication not identified] : [publisher not identified] ; 1981.
Subjects:
Online Access:Link to OAKTrust copy

MARC

Tag First Indicator Second Indicator Subfields
LEADER 00000cam a2200000 a 4500
001 in00000088067
005 20220103114830.0
007 cr unu a
008 820724s1981 xx a b 00010 eng d
035 |9 AAK5167AM 
035 |a (OCoLC)08630157 
040 |a TXA  |c TXA  |d UtOrBLW 
049 |a TXAZ [Also in] [Archives]  |c 1 [1803758], 2 [1803759] 
099 |a 1981  |a Thesis  |a S985 
100 1 |a Sylvia, Victor Louis. 
245 1 4 |a The effect of the neuropeptide proctolin on the hindgut of the crayfish, Procambarus clarkii /  |c by Victor Louis Sylvia, Jr. 
264 1 |a [Place of publication not identified] :  |b [publisher not identified] ;  |c 1981. 
300 |a ix, 50 leaves :  |b illustrations ;  |c 29 cm. 
336 |a text  |b txt  |2 rdacontent 
337 |a computer  |b c  |2 rdamedia 
338 |a online resource  |b cr  |2 rdacarrier 
500 |a "Major subject: Biology." 
500 |a Typescript (photocopy). 
500 |a Vita. 
502 |b M.S.  |c Texas A&M University  |d 1981. 
504 |a Bibliography: leaves 46-49. 
530 |a Also available online. 
650 0 |a Crayfish. 
650 0 |a Crustacea  |x Physiology. 
650 0 |a Neuromuscular transmission. 
650 0 |a Peptide hormones. 
650 0 |a Viscera  |x Muscle. 
650 4 |a Major biology. 
856 4 1 |u https://hdl.handle.net/1969.1/ETD-TAMU-1981-THESIS-S985  |z Link to OAKTrust copy  |t 0 
999 |a MARS 
999 f f |s 50ead5dc-83e5-3b17-80e5-d85741f0deb3  |i 9bc7177a-9d1e-372d-b459-9121d7418a45  |t 0 
952 f f |p noncirc  |a Texas A&M University  |b J.J. Pickle Campus  |c High Density Repository  |s HDR  |d Remote Storage  |t 0  |e 1981 Thesis S985  |h Other scheme  |i computer -- online resource  |m A14841003682 
952 f f |a Texas A&M University  |b College Station  |c Electronic Resources  |s www_evans  |d Available Online  |t 0  |e 1981 Thesis S985  |h Other scheme 
998 f f |a 1981 Thesis S985  |t 0  |l Remote Storage 
998 f f |a 1981 Thesis S985  |t 0  |l Available Online